[Event "POL-ch U10"]
[Site "Jastrzebia Gora"]
[Date "2022.03.10"]
[Round "3"]
[White "Gibala, Adam"]
[Black "Kisiel, Wiktor"]
[Result "1/2-1/2"]
[WhiteElo "1507"]
[BlackElo "1210"]
[PlyCount "78"]
[EventDate "2022.03.08"]
[EventType "swiss"]
[EventRounds "9"]
[EventCountry "POL"]
[SourceTitle "EXT 2023"]
[Source "ChessBase"]
[SourceDate "2022.10.05"]
[SourceVersion "1"]
[SourceVersionDate "2022.10.05"]
[SourceQuality "1"]

1. e4 c5 2. Nf3 g6 3. d4 cxd4 4. Nxd4 Nc6 5. c4 Nf6 6. Nc3 d6 7. Be2 Nxd4 8. Qxd4 Bg7 9. Be3 0-0 10. Qd2 Be6 11. f3 Qa5 12. 0-0 Rac8 13. Nd5 Qxd2 14. Nxe7+ Kh8 15. Bxd2 Rce8 16. Bb4 Rxe7 17. Bxd6 Ree8 18. Bxf8 Rxf8 19. Rad1 Rc8 20. b3 Nd7 21. f4 f5 22. e5 Bf8 23. Bf3 Rc7 24. Bd5 Bc5+ 25. Kh1 Nf8 26. Rd3 Kg7 27. g3 Kf7 28. Rb1 a5 29. Kg2 Ke7 30. Kf3 h5 31. Rbd1 Bb4 32. h3 Bc5 33. R1d2 Bb4 34. Rd1 Bc5 35. a4 Bb4 36. Bxe6 Nxe6 37. Rd6 Bc5 38. g4 h4 39. R6d5 b6 1/2-1/2

[Event "Poronin Tatra Limba op-B"]
[Site "Poronin"]
[Date "2021.05.26"]
[Round "6.24"]
[White "Kisiel, Wiktor"]
[Black "Zabrzanski, Marcin"]
[Result "1-0"]
[WhiteElo "1241"]
[BlackElo "1079"]
[PlyCount "101"]
[EventDate "2021.05.22"]
[EventType "swiss"]
[EventRounds "9"]
[EventCountry "POL"]
[SourceTitle "EXT 2022"]
[Source "ChessBase"]
[SourceDate "2021.10.06"]
[SourceVersion "1"]
[SourceVersionDate "2021.10.06"]
[SourceQuality "1"]

1. e4 e5 2. Nf3 Nc6 3. Bc4 Bc5 4. d3 d6 5. c3 h6 6. a4 a6 7. Nbd2 Nf6 8. 0-0 0-0 9. h3 Be6 10. Re1 Re8 11. Bxe6 fxe6 12. Nf1 d5 13. Ng3 Qd6 14. d4 dxe4 15. dxc5 Qxd1 16. Rxd1 exf3 17. gxf3 Nd5 18. Ne4 Rf8 19. c4 Nf4 20. Bxf4 Rxf4 21. Kg2 Nd4 22. Rd3 Raf8 23. Nd2 Kh7 24. Re1 R8f5 25. Re4 Rxe4 26. fxe4 Rf7 27. Nf3 Rxf3 28. Rxf3 Nxf3 29. Kxf3 a5 30. Ke3 Kg6 31. c6 b6 32. c5 bxc5 33. Kd3 Kg5 34. Kc4 Kf4 35. Kxc5 Kxe4 36. b4 axb4 37. Kxb4 Kf3 38. a5 Kxf2 39. a6 e4 40. a7 e3 41. a8Q e2 42. Qf8+ Ke3 43. Qc5+ Kd2 44. Qd4+ Kc2 45. Qc3+ Kd1 46. Qd3+ Ke1 47. Kc3 Kf2 48. Qd2 Kf1 49. Qf4+ Ke1 50. Kd3 g5 51. Qf3 1-0

[Event "POL-ch U10"]
[Site "Jastrzebia Gora"]
[Date "2021.??.??"]
[Round "6"]
[White "Konieczny, Marek1111"]
[Black "Kisiel, Wiktor"]
[Result "1-0"]
[WhiteElo "1152"]
[BlackElo "1322"]
[PlyCount "71"]
[EventDate "2021.02.28"]
[EventType "swiss"]
[EventRounds "9"]
[EventCountry "POL"]
[SourceTitle "EXT 2022"]
[Source "ChessBase"]
[SourceDate "2021.10.06"]
[SourceVersion "1"]
[SourceVersionDate "2021.10.06"]
[SourceQuality "1"]

1. e4 c5 2. Nf3 Nc6 3. d4 cxd4 4. Nxd4 g6 5. Be3 Bg7 6. Nc3 Nf6 7. Bc4 0-0 8. Bb3 Re8 9. f3 e6 10. Bg5 h6 11. Bh4 g5 12. Bg3 Nxe4 13. Nxc6 Nxc3 14. Nxd8 Nxd1 15. Nxb7 Bxb7 16. Rxd1 d5 17. c3 Ba6 18. Bd6 Red8 19. Bc7 Re8 20. Ba4 Re7 21. Bd6 Rb7 22. Bb4 Rc8 23. Bb3 d4 24. h4 dxc3 25. bxc3 Bxc3+ 26. Bxc3 Rxc3 27. hxg5 Re3+ 28. Kf2 Re2+ 29. Kg3 hxg5 30. Rh5 Re5 31. Rd6 Rb6 32. Rd7 Bb7 33. Bc2 Rd5 34. Rc7 Rd2 35. Rxg5+ Kh8 36. Rc4 1-0